000 01809nam a22002657a 4500
999 _c62108
_d62108
003 Ge_BSU
005 20240712103031.0
008 240712s2018 ge ||||| |||| 00| 0 geo d
020 _a9789941804809
041 _ageo
080 _a615.849.5+616.31რ-15
245 _aრადიოგრაფიის პრინციპები და რადიაციული უსაფრთხოება სტომატოლოგიაში :
_b[სახელმძღვანელო] /
_c ზურაბ ალხანიშვილი, ქეთევან გოგილაშვილი, გვანცა ტაბაღუა, ლილე კვაცაშვილი ; რედ. ქეთევან აბრამიშვილი.
264 _aთბილისი,
_c2018.
300 _a180 გვ. :
_b სურ., ცხრ. ;
_c23 სმ.
500 _aghtwriter / Fotolia. წიგნი დაბეჭდილია სტამბაში IMAK, თურქეთი.
653 _aსამედიცინო რადიოლოგია. სტომატოლოგია.
653 _aმედიცინა
653 _aDental radiography principles and radiation protection in dentistry : [Textbook]
700 _aალხანიშვილი, ზურაბ
_eავტორი.
_98430
700 _aგოგილაშვილი, ქეთევან,
_eავტორი.
_922814
700 _aტაბაღუა, გვანცა,
_eავტორი.
_98431
700 _aკვაცაშვილი, ლილე,
_eავტორი.
_922815
700 _aაბრამიშვილი, ქეთევან,
_eრედაქტორი და სხვ
_922816
942 _2udc
_cᲬᲘᲒᲜᲘ